| 000 | 00369nam a2200157Ia 4500 | ||
|---|---|---|---|
| 008 | 230312s9999||||xx |||||||||||||| ||und|| | ||
| 020 | _a9788126519859 | ||
| 082 |
_a621 _bRAM-M |
||
| 100 | _aRamachandran, K. P. | ||
| 245 | 0 | _aMechatronics & Microprocessors | |
| 260 |
_bWiley _aIndia _c2009 |
||
| 300 | _a454 | ||
| 546 | _aEng. | ||
| 650 | _aEngineering | ||
| 942 | _cBK | ||
| 999 |
_c4594 _d4594 |
||